000 01077nam a22002657a 4500
001 BD-DhSAU 8460
003 BD-DhSAU
005 20220309123736.0
008 150420b2007 bg ||||| m||| 000 0 eng d
040 _aBD-DhSAU
082 _222
_a....
_b....
100 _aHuq, Kazi Mohammad Enamul
_eRegistration # 27512/00695
245 _aHeterosis and combining ability in rapeseed (Brassica rapa L.) /
_bMS thesis
260 _aSher-e-Bangla Agricultural Universities :
_bDepartment of Genetics and Plant Breeding,
_c2007.
300 _aviii, 73 p. ;
_c30 cm.
_bill. ;
500 _aMS thesis of Department of Genetics and Plant Breeding, Faculty of Agriculture, Sher-e-Bangla Agricultural University, Dhaka, Bangladesh
590 _aerfat
650 _aGenetics and Plant Breeding.
650 _aCombining ability.
650 _aBrassica rapa L.
700 _aBhuiyan, Md Shahidur Rashid
_eSuperviser
700 _aHossain, Md Sarowar
_eCo-superviser
856 _uhttp://archive.saulibrary.edu.bd:8080/xmlui/handle/123456789/642
942 _2ddc
_cTHESIS
999 _c8460
_d8460